Protozoología

Tallennettuna:
Bibliografiset tiedot
Päätekijä: Kudo, Richard R
Aineistotyyppi: Kirja
Kieli:espanja
Julkaistu: Ciudad de México Continental 1969
Aiheet:
Tagit: Lisää tagi
Ei tageja, Lisää ensimmäinen tagi!

MARC

LEADER 00000nam a2200000 a 4500
001 UCT5480
003 CL-VaPUC
005 20250226123242.0
008 961211e19690000MX |||||||||||||||||spa|d
999 |c 254401  |d 254399 
040 |c Pontificia Universidad Católica de Valparaíso 
082 0 4 |a 593.1 KUD 1969  |2 21 
100 0 |a Kudo, Richard R  |9 374958 
245 1 0 |a Protozoología 
260 |a Ciudad de México  |b Continental  |c 1969 
300 |a 905 páginas 
583 |a last modification  |c 19961211 00:00:00  |k Rodrigo Vera 
650 7 |a PROTOZOOS  |2 CL-VaPUC  |9 346253 
650 0 |a Invertebrados  |9 261302 
650 0 |a Organismos vivos  |9 264556 
650 0 |a Protozoarios  |9 338534 
942 |c BK  |2 ddc 
945 |d 19961211 00:00:00  |a paguirre 
952 |0 0  |1 0  |2 ddc  |4 0  |6 593_100000000000000_KUD_1969  |7 0  |8 A  |9 276053  |a BIBCUR  |b BIBCUR  |d 2019-11-19  |i 1797247  |l 1  |o 593.1 KUD 1969  |p 1797247  |r 2025-04-22  |s 2022-09-22  |t 1  |w 2019-11-19  |y BK  |k BIO